000 00546nam a2200181Ia 4500
005 20250508155158.0
008 008 250505s9999 xx 000 0 eng d
037 _aBooks to be hide in OPAC
040 _aFEDL
_beng
_cFEDL
041 _aeng
_2eng
084 _a150, AME/O
_qFEDL
100 _aBeach Lee Roy
_920715
245 0 _aPsychological monographs general and applied
260 _aWashington, USA
_bThe American Psychological Association
_c1964
300 _a37p.
942 _cHB
_h150, AME/O
999 _c1354949
_d1354949